000 00503nam a2200193 a 4500
001 1772883571514
003 YourLibrary
005 20260307171107.0
008 260307s2008##################000#0#eng##
020 _a9781412947527
082 0 4 _a324.9
_bARZ.3
100 1 _aArzheimer, Kai,
_eauthor.
245 1 0 _aElectoral Behavior: Forecasting and electoral context :
260 _c2008.
300 _a432 pages
650 0 _aVoting.
942 _cENGLISH
040 _aYourLibrary
_beng
_cYourLibrary
999 _c617193
_d617193